000 00401nam a2200169Ia 4500
008 151213s9999 xx 000 0 und d
020 _a984-30-0087-0
100 _aS.Z.Haider
245 _aIntroducing To Inorganic Chemistry
_cS.Z.Haider
250 _a4th
260 _aDhaka
_bEdexcel
_c2010
300 _a8284 p.
650 _aE E E
650 _ascience
700 _aS.Z.Haider
999 _c4143
_d4143